| 000 | 00811nam a2200217 a 4500 | ||
|---|---|---|---|
| 999 |
_c6366 _d6366 |
||
| 001 | 6366 | ||
| 003 | BD-JhCC | ||
| 005 | 20180301191329.0 | ||
| 008 | 180122s2000 bg |||| ||a| 000 0 ben d | ||
| 035 | _a(BD-JhCC)6366 | ||
| 040 |
_aBD-JhCC _dBD-JhCC |
||
| 041 | _aben | ||
| 082 |
_a297.1227 _bISL 2000 |
||
| 245 |
_aআল-কুরআনের বিষয়ভিত্তিক আয়াত প্রথম খণ্ড / _cইসলামিক ফাউণ্ডেশন বাংলাদেশ |
||
| 260 |
_aঢাকা : _bইসলামিক ফাউণ্ডেশন বাংলাদেশ _c2000 |
||
| 300 |
_a500 p. : _c24 cm. |
||
| 650 | _aThe Holy Quran | ||
| 710 | _aইসলামিক ফাউণ্ডেশন বাংলাদেশ | ||
| 942 |
_2ddc _cBK |
||